| 000 | 00709cam a2200205 a 4500 | ||
|---|---|---|---|
| 001 | 000013371 | ||
| 005 | 20251104113514.0 | ||
| 008 | 850318s1964 ve a b 000 0 spa d | ||
| 040 |
_aDO-SdBNP _bspa _cLC _dBNPHU |
||
| 082 |
_a332.46 _bE29t |
||
| 100 | 1 |
_aEgidi Belli, Raniero. _930587 |
|
| 245 | 1 | 0 |
_aTeoria y política monetarias : _bguía de estudio / _cRaniero Egidi Belli. |
| 260 |
_aCaracas : _bInstituto de Investigaciones, Facultad de Economía, Universidad Central de Venezuela, _c1964. |
||
| 300 |
_a495 p. : _bil. ; _c24 cm. |
||
| 504 | _aBibliografía: p. 481-[485] | ||
| 650 | 0 |
_aPolítica monetaria _930588 |
|
| 650 | 0 |
_aMoneda _93308 |
|
| 910 | _aCatalogación por copia / LC | ||
| 049 | _aBNGR | ||
| 999 |
_c12997 _d12997 |
||